| 000 | 00638nam a2200205Ia 4500 | ||
|---|---|---|---|
| 003 | GCL | ||
| 008 | 140319s9999 xx 000 0 ara d | ||
| 040 |
_aGCL / _cGCL |
||
| 082 | 0 | 4 |
_a227 _bا س |
| 100 | 1 | _aابراهيم ابراهيم هلال | |
| 245 | 1 | 0 |
_aسورة النساء عقيدة وقانون وسياسة واخلاق واجتماع / _cابراهيم ابراهيم هلال |
| 260 |
_a[S.N] : _bدار النهضة العربية ، _c1985 |
||
| 300 | _a222 ص | ||
| 490 | _a | ||
| 650 | 0 | 4 | _aالاسلام |
| 650 | 0 | 4 | _aسور وايات |
| 650 | 0 | 4 | _aتفاسير |
| 650 | 0 | 4 | _aالقران |
| 942 |
_2ddc _cBK |
||
| 999 |
_c32411 _d32411 |
||